• 首页
  • 本馆介绍
  • 公告通知
  • 最新文献
  • 馆藏检索
  • 电子资源
  • 读者导购
  • 参考咨询
  • 我的图书馆
  • 登录
  • 详细信息显示
  • 放入我的书架
  • 预约/预借图书
  • 作者相关作品
  • 分类相关作品
  • 丛书相关作品
  • 出版社相关作品

书目信息

  • 表格格式
  • 工作单格式
  • 卡片格式
题名:
电力系统暂态计算
    
 
作者: bickford 著
分册:  
出版信息: 北京   水利电力出版社  1979
页数: 191页
开本: 19cm
丛书名:
单 册:
中图分类: TM74
科图分类:
主题词: 电力系统暂态-电力系统计算 , 电力系统计算-电力系统暂态
电子资源:
ISBN:
000 00725nam0 2200229 45
001 0179005822
005 20060429103747.93
010    @dCNY0.66
091    @a15143.3486
100    @a19950731d1979 em y0chiy0121 ea
101 1  @achi@ceng
102    @aCN@b110000
105    @ay z 000yy
200 10 @a电力系统暂态计算@Adian li xi tong zan tai ji suan@fJ.P.bickford等著@FJ.P.bickford deng zhu@g《电力系统暂态计算》翻译组译@G《dian li xi tong zan tai ji suan》fan yi zu yi
210    @a北京@c水利电力出版社@d1979
215    @a191页@d19cm
606    @a电力系统暂态-电力系统计算
606    @a电力系统计算-电力系统暂态
690    @aTM74@v4
701  0 @abickford@4著
801  0 @aCN@bTSSF@c20060429
905    @a10447@dTM74@e5
    
    电力系统暂态计算/J.P.bickford等著/《电力系统暂态计算》翻译组译.-北京:水利电力出版社,1979
    191页;19cm
    
    
    ISBN :CNY0.66
    
●
相关链接 在E读中查询图书 在五车中查询图书 在当当中查询图书 在豆瓣中查询图书


正题名:电力系统暂态计算     索取号:TM74/5         预约/预借

序号 登录号 条形码 馆藏地/架位号 状态 备注
1 0019502   202304112   密集书库/ [索取号:TM74/5] 在馆    
2 0019503   202304121   密集书库/ [索取号:TM74/5] 在馆    
唐山师范学院图书馆 欢迎您!
大连网信软件有限公司© 版权所有